00401nam a22001337a 4500008004100000020001500041082002300056100001700079245003300096260006000129300002700189650003500216700001600251150410b xxu||||| |||| 00| 0 eng d a9968940100 a861.972.86bP 659s aPinto, Marta aSoltar AmarrascPinto, Marta aSan Jose, Costa RicabM y J Realidades Culturalesc2002 a46 p. bill. c20.5 cm xPoesiaxLiteraturazCosta Rica aMarta Pinto